000
00340nam a22001457a 4500
008
230622b ||||| |||| 00| 0 eng d
020
_a
9781557983466
041
_a
eng
080
_a
159.9
082
_a
159.9BYR
100
_a
25
101
_a
PSI
245
_a
MEASURING SELF CONCEPT ACROSS THE LIFE SPAN
_c
BYRNE .M.B
942
_2
udc
_c
BK
999
_c
60017
_d
60017